000 00310nam a2200133Ia 4500
008 150201s1997 xx 000 0 und d
082 _a617
_bR97T
100 _aTAYLOR,I
245 _a18 RECENT ADVANCES IN SURGERY
250 _a1ST
260 _bB.I. PUB.
_aDELHI
_c1997
650 _aSURGERY
942 _2ddc
_cBK
999 _c1218
_d1218